- Villoro, Luis,
Entry Nombre Personal
001 - NUMERO DE CONTROL
- campo de control: 35269
003 - IDENTIFICADOR DE NUMERO DE CONTROL
- campo de control: DLC
005 - FECHA Y HORA DE LA ÜLTIMA TRANSACCIÓN
- campo de control: 20230303091146.0
008 - DATOS DE LONGITUD FIJA
- campo de control de longitud fija: 230303n| azannaabn |a aaa
010 ## - NÚMERO DE CONTROL DE LA BIBLIOTECA DEL CONGRESO
- Número de control LC: n 85210274
- Número de Control LC Cancelado/inválido: no2006055414
040 ## - FUENTE DE CATALOGACIÓN
- Agencia original de catalogación: DLC
- Lenguaje de catalogación: spa
- Description conventions: rda
- Agencia de transcripción: DLC
- Agencia que lo modifica: DLC
- Agencia que lo modifica: MX-MxUPN
046 ## - FECHAS CON CODIFICACIÓN ESPECIAL
- Fecha de nacimiento: 19221103
- Fecha de muerte: 20140205
100 1# - ENCABEZAMIENTO - NOMBRE PERSONAL
- Nombre personal: Villoro, Luis,
- Fechas asociadas con el nombre: 1922-2014
370 ## - LUGAR ASOCIADO
- Place of birth: Barcelona (España)
- Place of death: Ciudad de México (México)
372 ## - CAMPO DE ACTIVIDAD
- Field of activity: Filosofía
- Fuente del término: lcsh
373 ## - GRUPO ASOCIADO
- Associated group: Universidad Nacional Autónoma de México
- Fuente del término: naf
374 ## - OCUPACIÓN
- Occupation: Filósofo
- Fuente del término: lcsh
375 ## - GÉNERO
- Gender: masculino
377 ## - LENGUA ASOCIADA
- Language code: spa
378 ## - FORMA COMPLETA DE NOMBRE PERSONAL
- Fuller form of personal name: Villoro Toranzo
400 1# - VEÁSE - NOMBRE DE PERSONA
- Personal name: Villoro Toranzo, Luis,
- Dates associated with a name: 1922-2014
400 1# - VEÁSE - NOMBRE DE PERSONA
- Personal name: Toranzo, Luis Villoro,
- Dates associated with a name: 1922-2014
670 ## - FUENTE EN LA QUE SE LOCALIZARON DATOS
- Cita de la fuente: En su obra: El proceso ideológico de la revolución de independencia, 1983:
- Información localizada: portada (Luis Villoro)
670 ## - FUENTE EN LA QUE SE LOCALIZARON DATOS
- Cita de la fuente: LC data base, 3/20/86
- Información localizada: (hdg.: Villoro, Luis)
670 ## - FUENTE EN LA QUE SE LOCALIZARON DATOS
- Cita de la fuente: En su obra: Luis Villoro [SR] c1974:
- Información localizada: envase (b. 11-03-22, Barcelona)
670 ## - FUENTE EN LA QUE SE LOCALIZARON DATOS
- Cita de la fuente: Doctor honoris causa de la universidad..., 2002:
- Información localizada: portada (Luis Villoro Toranzo)
670 ## - FUENTE EN LA QUE SE LOCALIZARON DATOS
- Cita de la fuente: Colegio Nacional [Mexico] WWW site, Aug. 9, 2010:
- Información localizada: miembros (Villoro, Luis; Luis Villoro Toranzo; b. Nov. 3, 1922, Barcelona, Spain; master's and doctorate, philosophy, UNAM)
670 ## - FUENTE EN LA QUE SE LOCALIZARON DATOS
- Cita de la fuente: El país WWW site, Mar. 12, 2014
- Información localizada: (in obituary dated Mar. 6, 2014: Luis Villoro; b. in Barcelona; d. Mar. 5, Mexico City, at age 91; philosopher)
902 ## - CATALOGADOR
- Catalogador: NDAF/030323
